书目信息 |
| 题名: |
射影几何的理论和习题
|
|
| 作者: | 艾利斯 , Ayres 编 ;胡宗慎 , 周国新 , 项正清 译 | |
| 分册: | ||
| 出版信息: | 上海 上海科学技术出版社 1987 |
|
| 页数: | 238页 | |
| 开本: | 26cm | |
| 丛书名: | ||
| 单 册: | ||
| 中图分类: | O185.1 | |
| 科图分类: | ||
| 主题词: | 射影几何 | |
| 电子资源: | ||
| ISBN: | ||
| 000 | 00827nam0 2200289 45 | |
| 001 | 0187008180 | |
| 005 | 20040908085103.8 | |
| 010 | @dCNY2.90 | |
| 091 | @a13119.1410 | |
| 100 | @a19901117d1987 em y0chiy0121 ea | |
| 101 | 1 | @achi@ceng |
| 102 | @aCN@b310000 | |
| 105 | @ay z 000yy | |
| 106 | @ar | |
| 200 | 10 | @a射影几何的理论和习题@Ashe ying ji he de li lun he xi ti@f(美)艾利斯(Ayres,F.)编@g胡宗慎等译 |
| 210 | @a上海@c上海科学技术出版社@d1987 | |
| 215 | @a238页@d26cm | |
| 606 | @a射影几何 | |
| 690 | @aO185.1@v3 | |
| 701 | 1 | @a艾利斯@Aai li si@bF.@4编 |
| 701 | A1 | @aAyres@bF.@4编 |
| 702 | 0 | @a胡宗慎@Ahu zong shen@4译 |
| 702 | 0 | @a周国新@Azhou guo xin@4译 |
| 702 | 0 | @a项正清@Axiang zheng qing@4译 |
| 801 | 0 | @aCN@b深圳图书馆@c20040524 |
| 801 | 2 | @aCN@bNLC@c20040524 |
| 905 | @dO185.1@e17@f1@b203998 | |
| 射影几何的理论和习题/(美)艾利斯(Ayres,F.)编/胡宗慎等译.-上海:上海科学技术出版社,1987 |
| 238页;26cm |
| ISBN :CNY2.90 |
| ● |
| 相关链接 |
|
|
|
|
正题名:射影几何的理论和习题
索取号:O185.1/17
 
预约/预借
| 序号 | 登录号 | 条形码 | 馆藏地/架位号 | 状态 | 备注 |
| 1 | 0203995 | 000406714 | 第三借阅区/ [索取号:O185.1/17] | 在馆 | |
| 2 | 0203996 | 000406778 | 第三借阅区/ [索取号:O185.1/17] | 在馆 | |
| 3 | 0203997 | 000406689 | 第三借阅区/ [索取号:O185.1/17] | 在馆 | |
| 4 | 0203998 | 001949173 | 第三借阅区/ [索取号:O185.1/17] | 在馆 | |
| 5 | 0203999 | 000406643 | 第二样本阅览室/ [索取号:O185.1/17] | 在馆 |